00361pab a2200121 454500008004000000100001700040245008800057260000900145300001500154362001200169650001400181773004400195180718b1962 xxu||||| |||| 00| 0 eng d aVepa, Ram K. aOfficial-non-official relations in Panchayati Raj: The experience of Andhra Pradesh c1962 ap.186-199. aApr-Jun aPanchayat aIndian Journal of Public Administration